000 00599nam a2200217 4500
001 00028003
005 20260128112508.0
008 260128b ag ||||| |||| 00| 0 spa d
020 _a9789876745413
040 _aAR-CcCEOS
_bspa
_cAR-CcCEOS
041 _aspa
080 _a568.19
090 _bMOR
100 1 _aMoreno, Alberto
_9296
245 _aDinosaurios :
_bherbívoros gigantes /
_cAlberto Moreno
250 _a1ª ed.
260 _aBuenos Aires :
_bartemisa,
_c2014.
300 _a8 p. ;
_c24x17 cm.
655 0 _aliteratura infantil y juvenil
_978
_vdinosaurios
942 _2udc
_n0
_cBK
999 _c28014
_d28014